[Event "RUS-ch Blitz Men 2018"]
[Site "Sochi"]
[Date "2018.10.07"]
[Round "20"]
[White "Oparin, Grigoriy"]
[Black "Sarana, Alexey"]
[Result "1-0"]
[WhiteElo "2624"]
[BlackElo "2641"]
[Annotator "TA"]
[PlyCount "83"]
[EventDate "2018.10.07"]
[EventType "swiss"]
[EventCountry "RUS"]
[SourceTitle "playchess.com"]
[Source "ChessBase"]
[SourceQuality "1"]

1. c4 Nf6 2. Nc3 e5 3. Nf3 Nc6 4. e3 Bb4 5. Qc2 Bxc3 6. Qxc3 Qe7 7. d4 Ne4 8. Qd3 exd4 9. Nxd4 Qb4+ 10. Bd2 Nxd2 11. Qxd2 Nxd4 12. exd4 a5 13. a3 Qxd2+ 14. Kxd2 d6 15. Bd3 f6 16. b4 Kf7 17. Kc3 Bd7 18. Rhb1 axb4+ 19. axb4 Bc6 20. d5 Bd7 21. Kd4 b6 22. Re1 g6 23. h4 f5 24. c5 bxc5+ 25. bxc5 dxc5+ 26. Kxc5 Rhb8 27. Bc4 Kf6 28. f4 h6 29. g3 h5 30. Reb1 Ke7 31. Rxa8 Rxa8 32. Rb7 Kd8 33. d6 Rc8 34. dxc7+ Rxc7+ 35. Rxc7 Kxc7 36. Bf7 Kd8 37. Kd6 Ba4 38. Bxg6 Bd1 39. Bxf5 Ke8 40. Ke6 Kf8 41. Kf6 Kg8 42. Bg6 1-0

[Event "RUS-ch Blitz Men 2018"]
[Site "Sochi"]
[Date "2018.10.07"]
[Round "20"]
[White "Alekseev, Evgeny"]
[Black "Ponkratov, Pavel"]
[Result "0-1"]
[WhiteElo "2620"]
[BlackElo "2628"]
[Annotator "TA"]
[PlyCount "122"]
[EventDate "2018.10.07"]
[EventType "swiss"]
[EventCountry "RUS"]
[SourceTitle "playchess.com"]
[Source "ChessBase"]
[SourceQuality "1"]

1. e4 g6 2. d4 Bg7 3. Nf3 d6 4. Bd3 Nc6 5. c3 e5 6. dxe5 dxe5 7. O-O a6 8. Be3 Nf6 9. h3 O-O 10. Qc2 Nh5 11. Rd1 Qe7 12. Nbd2 Nf4 13. Bf1 g5 14. b4 b6 15. Kh2 g4 16. hxg4 Bxg4 17. g3 Qf6 18. gxf4 exf4 19. Bd4 Qh6+ 20. Kg1 Qg6 21. Bg2 Bxd4 22. cxd4 Nxd4 23. Qd3 Ne6 24. Ne5 Qh5 25. Nxg4 Qxg4 26. Qh3 Qg7 27. Nf3 Kh8 28. Rac1 Rg8 29. Rd5 Qb2 30. Rf1 Rg7 31. Kh1 Rag8 32. Nh4 Qxb4 33. Rh5 Nf8 34. Bf3 Qc4 35. Nf5 Rg5 36. Rxg5 Rxg5 37. Rg1 Rxg1+ 38. Kxg1 Ng6 39. Qh6 Qc3 40. Kg2 Kg8 41. Qg5 Qe5 42. Qd8+ Nf8 43. Qg5+ Ng6 44. Qd8+ Nf8 45. Qh4 Ng6 46. Qg5 c5 47. Qd8+ Nf8 48. Qxb6 c4 49. Qc6 c3 50. Be2 h5 51. Bxh5 Nh7 52. Qc8+ Nf8 53. Qc6 Nh7 54. Bf3 Ng5 55. Qc8+ Kh7 56. Qc6 Ne6 57. Qc4 a5 58. Be2 Kg6 59. Bf3 Ng5 60. Qc8 Nxe4 61. Nh4+ Kf6 0-1

[Event "RUS-ch Blitz Men 2018"]
[Site "Sochi"]
[Date "2018.10.07"]
[Round "20"]
[White "Esipenko, Andrey"]
[Black "Bocharov, Dmitry"]
[Result "1-0"]
[WhiteElo "2609"]
[BlackElo "2557"]
[Annotator "ChessBase"]
[PlyCount "113"]
[EventDate "2018.10.07"]
[EventType "swiss"]
[EventCountry "RUS"]
[SourceTitle "playchess.com"]
[Source "ChessBase"]
[SourceQuality "1"]

1. d4 Nf6 2. Bf4 d6 3. Nf3 Nh5 4. Bg5 h6 5. Bc1 Nf6 6. Nc3 Nbd7 7. g3 e5 8. e4 Be7 9. Bg2 O-O 10. O-O c6 11. a4 Re8 12. h3 Bf8 13. Re1 b6 14. Be3 a6 15. Qd2 Bb7 16. dxe5 dxe5 17. Nh4 Qc7 18. Rad1 b5 19. Nf5 Red8 20. Qe2 Nc5 21. Rxd8 Rxd8 22. Rd1 b4 23. Bxc5 Bxc5 24. Nb1 Rxd1+ 25. Qxd1 Bc8 26. Nd2 g6 27. Nxh6+ Kg7 28. Ng4 Nxg4 29. hxg4 Qd8 30. Qe2 Bxg4 31. Bf3 Be6 32. Nb3 Bxb3 33. cxb3 a5 34. Kg2 Bd4 35. Qc2 Qf6 36. Bg4 Qd6 37. Bc8 Qc5 38. Qd2 Qb6 39. Bg4 Qc5 40. Bc8 Qb6 41. Qe2 Qc5 42. Qd2 Qb6 43. Kg1 Qc5 44. Bh3 Qe7 45. Bf1 Qe6 46. Bc4 Qg4 47. Qd3 Bxb2 48. Kg2 Bd4 49. Qf3 Qd7 50. Qd3 Qe7 51. Qf3 Qd7 52. Qd3 c5 53. Bd5 f5 54. Qa6 f4 55. Be6 Qe7 56. Bc4 fxg3 57. fxg3 1-0

[Event "RUS-ch Blitz Men 2018"]
[Site "Sochi"]
[Date "2018.10.07"]
[Round "20"]
[White "Antipov, Mikhail Al."]
[Black "Riazantsev, Alexander"]
[Result "1/2-1/2"]
[WhiteElo "2593"]
[BlackElo "2649"]
[Annotator "TA"]
[PlyCount "96"]
[EventDate "2018.10.07"]
[EventType "swiss"]
[EventCountry "RUS"]
[SourceTitle "playchess.com"]
[Source "ChessBase"]
[SourceQuality "1"]

1. e4 c6 2. d4 d5 3. e5 Bf5 4. h4 h5 5. Bd3 Bxd3 6. Qxd3 e6 7. Bg5 Qb6 8. Nd2 c5 9. c4 Qxb2 10. Rb1 Qxd4 11. Qe2 b6 12. Ngf3 Qg4 13. O-O Nc6 14. Qd3 Nge7 15. Qb3 Rc8 16. Qb5 f6 17. exf6 gxf6 18. Bxf6 Rg8 19. Ng5 Qf5 20. Rfe1 Qxf6 21. Rxe6 Qf5 22. cxd5 Qxd5 23. Nde4 Rxg5 24. Nf6+ Kf7 25. Nxd5 Rxd5 26. Re4 Rcd8 27. Rbe1 Nd4 28. Qd3 Ng6 29. Qg3 Bd6 30. Qa3 a5 31. Qd3 Kg7 32. Qa6 Rb8 33. Qa7+ Kh6 34. Qf7 Rf5 35. Qd7 Be5 36. f3 Rbf8 37. Qb7 R8f6 38. Qc8 Bg3 39. Re8 Bxe1 40. Rh8+ Nxh8 41. Qxh8+ Kg6 42. Qg8+ Kh6 43. Qh8+ Kg6 44. Qg8+ Kh6 45. Qh8+ Kg6 46. Qg8+ Kh6 47. Qh8+ Kg6 48. Qg8+ Kh6 1/2-1/2

[Event "RUS-ch Blitz Men 2018"]
[Site "Sochi"]
[Date "2018.10.07"]
[Round "20"]
[White "Maletin, Pavel"]
[Black "Apryshko, Gleb"]
[Result "1-0"]
[WhiteElo "2586"]
[BlackElo "2399"]
[Annotator "RC"]
[PlyCount "45"]
[EventDate "2018.10.07"]
[EventType "swiss"]
[EventCountry "RUS"]
[SourceTitle "playchess.com"]
[Source "ChessBase"]
[SourceQuality "1"]

1. c4 e5 2. g3 Nc6 3. Nc3 a6 4. Bg2 Bc5 5. Nf3 d6 6. e3 Nge7 7. O-O O-O 8. h3 Ba7 9. d4 exd4 10. exd4 Nf5 11. Ne2 Rb8 12. b3 b5 13. cxb5 axb5 14. Bb2 Qf6 15. Rc1 Nb4 16. Qd2 Nd5 17. Ng5 Bb7 18. Ne4 Qg6 19. Qa5 Bb6 20. Qxb5 Ra8 21. a3 Nh4 22. gxh4 f5 23. N4g3 1-0

[Event "RUS-ch Blitz Men 2018"]
[Site "Sochi"]
[Date "2018.10.07"]
[Round "20"]
[White "Bocharov, Ivan"]
[Black "Dubov, Daniil"]
[Result "1/2-1/2"]
[WhiteElo "2563"]
[BlackElo "2703"]
[Annotator "RC"]
[PlyCount "87"]
[EventDate "2018.10.07"]
[EventType "swiss"]
[EventCountry "RUS"]
[SourceTitle "playchess.com"]
[Source "ChessBase"]
[SourceQuality "1"]

1. e4 c5 2. Nf3 Nc6 3. d4 cxd4 4. Nxd4 Nf6 5. Nc3 d6 6. Bg5 e6 7. Qd2 a6 8. O-O-O Bd7 9. f4 b5 10. a3 Be7 11. Be2 O-O 12. Bf3 Rc8 13. Nxc6 Bxc6 14. Bxf6 Bxf6 15. Qxd6 Qe8 16. e5 Be7 17. Bxc6 Rxc6 18. Qd7 Bxa3 19. Qxe8 Rxe8 20. Ne4 Be7 21. Rd7 Kf8 22. Rhd1 Rec8 23. c3 R6c7 24. Kc2 Ke8 25. Rxc7 Rxc7 26. Nd6+ Kf8 27. b4 Rc6 28. Kb3 f6 29. c4 Bxd6 30. Rxd6 bxc4+ 31. Kc3 Rxd6 32. exd6 Ke8 33. Kxc4 Kd7 34. Kc5 e5 35. fxe5 fxe5 36. Kd5 e4 37. Kxe4 Kxd6 38. Kd4 Kc6 39. Kc4 Kb6 40. Kd4 Kb5 41. Kc3 Kb6 42. Kc4 Kc6 43. Kd4 Kb5 44. Kc3 1/2-1/2

[Event "RUS-ch Blitz Men 2018"]
[Site "Sochi"]
[Date "2018.10.07"]
[Round "20"]
[White "Savchenko, Boris"]
[Black "Sjugirov, Sanan"]
[Result "0-1"]
[WhiteElo "2562"]
[BlackElo "2654"]
[Annotator "TA"]
[PlyCount "64"]
[EventDate "2018.10.07"]
[EventType "swiss"]
[EventCountry "RUS"]
[SourceTitle "playchess.com"]
[Source "ChessBase"]
[SourceQuality "1"]

1. e4 c5 2. Nf3 e6 3. d4 cxd4 4. Nxd4 a6 5. c4 Nf6 6. Nc3 Qc7 7. Be2 b6 8. O-O Bb7 9. f3 Be7 10. Be3 d6 11. b4 O-O 12. Qd2 Nbd7 13. Rfc1 Rac8 14. a4 Rfe8 15. a5 bxa5 16. Rxa5 d5 17. c5 dxe4 18. Bxa6 Ne5 19. Bf4 Bxa6 20. Rxa6 exf3 21. Ncb5 Qb7 22. Rb6 Qe4 23. Nc3 Qd3 24. Nb1 Qxd2 25. Bxd2 f2+ 26. Kf1 Red8 27. Rb7 Kf8 28. Nf3 Nd3 29. Rc4 Ra8 30. Rc3 Ra1 31. Rb3 Ne4 32. Be3 Ndxc5 0-1

[Event "RUS-ch Blitz Men 2018"]
[Site "Sochi"]
[Date "2018.10.07"]
[Round "20"]
[White "Sviridov, Valery"]
[Black "Kozlov, Oleg"]
[Result "0-1"]
[WhiteElo "2551"]
[BlackElo "2287"]
[Annotator "RC"]
[PlyCount "84"]
[EventDate "2018.10.07"]
[EventType "swiss"]
[EventCountry "RUS"]
[SourceTitle "playchess.com"]
[Source "ChessBase"]
[SourceQuality "1"]

1. Nf3 d5 2. g3 Nf6 3. Bg2 e6 4. O-O Be7 5. c4 O-O 6. d4 c6 7. Qc2 b6 8. Rd1 Ba6 9. b3 b5 10. Nbd2 bxc4 11. bxc4 Nbd7 12. Qa4 Qc8 13. Qc2 Nb6 14. c5 Bxe2 15. cxb6 Bxd1 16. Qxd1 axb6 17. Bb2 Nd7 18. h4 Qb7 19. h5 h6 20. Nf1 Ra6 21. Ne3 Rfa8 22. Qb3 b5 23. Nc2 Qa7 24. a3 Ra4 25. Bf1 Bd6 26. Bd3 Nb6 27. Kg2 Nc4 28. Bc1 Nxa3 29. Nxa3 Bxa3 30. Bxa3 Rxa3 31. Rxa3 Qxa3 32. Qd1 Qc3 33. Ne5 Rf8 34. Bb1 c5 35. Nd7 Ra8 36. dxc5 b4 37. Nb6 Ra1 38. Na4 Qa3 39. Qc2 Qxa4 40. Qh7+ Kf8 41. Bd3 Qd1 42. c6 Qh1# 0-1

[Event "RUS-ch Blitz Men 2018"]
[Site "Sochi"]
[Date "2018.10.07"]
[Round "20"]
[White "Sychev, Klementy"]
[Black "Khanin, Semen"]
[Result "1-0"]
[WhiteElo "2534"]
[BlackElo "2510"]
[Annotator "TA"]
[PlyCount "57"]
[EventDate "2018.10.07"]
[EventType "swiss"]
[EventCountry "RUS"]
[SourceTitle "playchess.com"]
[Source "ChessBase"]
[SourceQuality "1"]

1. e4 e5 2. Nf3 Nc6 3. d4 exd4 4. Nxd4 Nf6 5. Nxc6 bxc6 6. e5 Qe7 7. Qe2 Nd5 8. h4 Qe6 9. Nd2 a5 10. Nf3 Ba6 11. c4 Bb4+ 12. Bd2 Bxd2+ 13. Qxd2 Nb6 14. b3 d6 15. Bd3 dxe5 16. O-O O-O-O 17. Qxa5 Bb7 18. Rad1 c5 19. Ng5 Qg4 20. f3 Qd4+ 21. Rf2 Rd7 22. Bc2 Qe3 23. Bf5 Bc6 24. Nxf7 Rf8 25. Bxd7+ Bxd7 26. Re1 Qd4 27. Nxe5 Qxh4 28. Qxc5 Bf5 29. Qxf8+ 1-0

[Event "RUS-ch Blitz Men 2018"]
[Site "Sochi"]
[Date "2018.10.07"]
[Round "20"]
[White "Shcherbakov, Ruslan"]
[Black "Gordievsky, Dmitry"]
[Result "1/2-1/2"]
[WhiteElo "2516"]
[BlackElo "2615"]
[Annotator "TA"]
[PlyCount "209"]
[EventDate "2018.10.07"]
[EventType "swiss"]
[EventCountry "RUS"]
[SourceTitle "playchess.com"]
[Source "ChessBase"]
[SourceQuality "1"]

1. e4 c5 2. Nf3 g6 3. c3 Nf6 4. e5 Nd5 5. Qb3 e6 6. Bc4 Nb6 7. Be2 Nc6 8. d4 cxd4 9. cxd4 d6 10. O-O Bg7 11. Bg5 Nxd4 12. Nxd4 Qxg5 13. Bb5+ Kf8 14. Nf3 Qe7 15. exd6 Qxd6 16. Rd1 Qe7 17. Nc3 h6 18. a4 Kg8 19. a5 Nd5 20. Nxd5 exd5 21. Qxd5 Kh7 22. Bc4 Rf8 23. Re1 Qb4 24. Qe4 Qxb2 25. Rab1 Qc3 26. Rbc1 Qxa5 27. Qe7 Qd8 28. Qxd8 Rxd8 29. Bxf7 Bf5 30. Nh4 Bd3 31. Red1 Rac8 32. Rxc8 Rxc8 33. h3 Be4 34. f3 Bc2 35. Rd6 Rc6 36. Rd7 a5 37. Rxb7 a4 38. Ra7 Rb6 39. f4 Rc6 40. Kh2 Rb6 41. Nf3 Rf6 42. Ne5 Rxf4 43. Nd7 Rf2 44. Bd5 Rf4 45. Ra8 h5 46. Be6 Kh6 47. Bd5 Rf1 48. Ra6 Rd1 49. Be6 Re1 50. Bd5 Bb2 51. Nc5 a3 52. Bc4 Be5+ 53. g3 Bb2 54. Bd3 Bxd3 55. Nxd3 Re2+ 56. Kg1 a2 57. Kf1 Re3 58. Rxa2 Rxd3 59. Rxb2 Rxg3 60. h4 Rg4 61. Rh2 Kg7 62. Kf2 Kf6 63. Kf3 Kf5 64. Rh1 Ra4 65. Kg3 Ra3+ 66. Kf2 Kf4 67. Rb1 Ra2+ 68. Kf1 Ra6 69. Kg2 Ra2+ 70. Kh3 Ra3+ 71. Kh2 Re3 72. Rb6 Kf5 73. Kg2 Re6 74. Rb5+ Re5 75. Rb4 Re4 76. Rb5+ Re5 77. Rb4 Re4 78. Rb5+ Kf4 79. Rg5 Re6 80. Kf2 Ra6 81. Kg2 Rb6 82. Kh2 Kf3 83. Rg3+ Kf2 84. Rg2+ Kf3 85. Rg3+ Kf4 86. Rg5 Rd6 87. Kh3 Rf6 88. Kg2 Ke4 89. Kh3 Kf3 90. Rg3+ Ke2 91. Rg2+ Ke3 92. Rg5 Ke4 93. Kg3 Rf3+ 94. Kg2 Rf6 95. Kg3 Ra6 96. Kh3 Kf4 97. Kg2 Rb6 98. Kh3 Rf6 99. Kg2 Ke4 100. Kg3 Ke3 101. Kg2 Rf4 102. Kg3 Rf1 103. Kg2 Rf6 104. Kg3 Ke4 105. Kg2 1/2-1/2

[Event "RUS-ch Blitz Men 2018"]
[Site "Sochi"]
[Date "2018.10.07"]
[Round "20"]
[White "Demidov, Mikhail"]
[Black "Pridorozhni, Aleksei"]
[Result "1/2-1/2"]
[WhiteElo "2514"]
[BlackElo "2574"]
[Annotator "ChessBase"]
[PlyCount "96"]
[EventDate "2018.10.07"]
[EventType "swiss"]
[EventCountry "RUS"]
[SourceTitle "playchess.com"]
[Source "ChessBase"]
[SourceQuality "1"]

1. d4 b5 2. Nf3 Bb7 3. g3 e6 4. Bg2 c5 5. O-O cxd4 6. Qxd4 Nc6 7. Qd1 Nf6 8. Nd4 Qb6 9. Nxc6 Bxc6 10. a4 Bxg2 11. Kxg2 bxa4 12. Qd3 Rc8 13. c3 Qc6+ 14. Qf3 d5 15. Qf4 Ne4 16. f3 Nc5 17. Be3 Bd6 18. Qg4 O-O 19. Bxc5 Bxc5 20. Qxa4 Qb7 21. Qc2 Rb8 22. Ra2 Rfc8 23. Nd2 h5 24. Rfa1 h4 25. gxh4 Qe7 26. Ra4 d4 27. Qe4 dxc3 28. bxc3 Qf6 29. R1a2 Rd8 30. Qg4 Bb6 31. Ne4 Qh6 32. Qg5 f5 33. Qxh6 gxh6 34. Nf2 Kf7 35. Nd3 Kf6 36. c4 Rg8+ 37. Kh3 Rbc8 38. c5 Bxc5 39. Nxc5 Rxc5 40. Rxa7 Rg7 41. R7a6 Re5 42. Rd2 Re3 43. Ra8 Re7 44. Rg8 Rg7 45. Rxg7 Kxg7 46. Kg3 Kf6 47. Kf2 Ra3 48. Rd4 Ke5 1/2-1/2

[Event "RUS-ch Blitz Men 2018"]
[Site "Sochi"]
[Date "2018.10.07"]
[Round "20"]
[White "Triapishko, Alexandr"]
[Black "Kozionov, Kirill"]
[Result "1-0"]
[WhiteElo "2508"]
[BlackElo "2458"]
[Annotator "TA"]
[PlyCount "71"]
[EventDate "2018.10.07"]
[EventType "swiss"]
[EventCountry "RUS"]
[SourceTitle "playchess.com"]
[Source "ChessBase"]
[SourceQuality "1"]

1. Nf3 d5 2. b3 c5 3. Bb2 f6 4. e3 e5 5. Nxe5 fxe5 6. Qh5+ Ke7 7. Qxe5+ Be6 8. c4 Nc6 9. Qg5+ Nf6 10. Nc3 d4 11. Ne4 b6 12. exd4 Nxd4 13. O-O-O Kf7 14. Qf4 h6 15. Bd3 Qb8 16. Qe3 Ng4 17. Qe1 Be7 18. h3 Ne5 19. Bb1 Nec6 20. f4 Re8 21. g4 Kg8 22. f5 Bf7 23. Qf2 Bf8 24. Rde1 a5 25. g5 hxg5 26. Nxg5 Rxe1+ 27. Rxe1 Be7 28. Nxf7 Kxf7 29. Be4 Bf6 30. Bd5+ Kf8 31. Bxc6 Nxc6 32. Bxf6 gxf6 33. Qh4 Kf7 34. Qh7+ Kf8 35. Rg1 Ne7 36. Qh8+ 1-0

[Event "RUS-ch Blitz Men 2018"]
[Site "Sochi"]
[Date "2018.10.07"]
[Round "20"]
[White "Moiseenko, Vadim"]
[Black "Drygalov, Sergey"]
[Result "1/2-1/2"]
[WhiteElo "2492"]
[BlackElo "2446"]
[Annotator "ChessBase"]
[PlyCount "42"]
[EventDate "2018.10.07"]
[EventType "swiss"]
[EventCountry "RUS"]
[SourceTitle "playchess.com"]
[Source "ChessBase"]
[SourceQuality "1"]

1. Nf3 d5 2. b3 Bg4 3. e3 e5 4. h3 Bxf3 5. Qxf3 Nf6 6. Bb2 Nbd7 7. c4 dxc4 8. Bxc4 Bd6 9. Qxb7 O-O 10. Nc3 Nc5 11. Qc6 Rb8 12. d3 e4 13. Nxe4 Ncxe4 14. dxe4 Rb6 15. Qa4 Bb4+ 16. Kf1 Nxe4 17. Be2 a5 18. Rd1 Qxd1+ 19. Bxd1 Nc5 20. Qa3 Rd8 21. Bf3 Rd2 1/2-1/2

[Event "RUS-ch Blitz Men 2018"]
[Site "Sochi"]
[Date "2018.10.07"]
[Round "20"]
[White "Kezin, Roman"]
[Black "Chigaev, Maksim"]
[Result "0-1"]
[WhiteElo "2471"]
[BlackElo "2599"]
[Annotator "TA"]
[PlyCount "51"]
[EventDate "2018.10.07"]
[EventType "swiss"]
[EventCountry "RUS"]
[SourceTitle "playchess.com"]
[Source "ChessBase"]
[SourceQuality "1"]

1. d4 Nf6 2. c4 g6 3. Nc3 Bg7 4. e4 d6 5. Nf3 O-O 6. h3 e5 7. d5 Nh5 8. g3 Na6 9. Be3 f5 10. exf5 gxf5 11. Nh4 Nf6 12. Qc2 Nb4 13. Qd2 a5 14. Be2 Qe8 15. a3 Na6 16. Bh6 Qe7 17. Bxg7 Qxg7 18. O-O-O Kh8 19. Kb1 Nd7 20. Rhg1 Ndc5 21. f4 Bd7 22. g4 Qh6 23. Nxf5 Rxf5 24. fxe5 Qxd2 25. Rxd2 Rxe5 26. Rh1 0-1

[Event "RUS-ch Blitz Men 2018"]
[Site "Sochi"]
[Date "2018.10.07"]
[Round "20"]
[White "Gutenev, Alexander"]
[Black "Kobalia, Mikhail"]
[Result "1/2-1/2"]
[WhiteElo "2456"]
[BlackElo "2620"]
[Annotator "ChessBase"]
[PlyCount "155"]
[EventDate "2018.10.07"]
[EventType "swiss"]
[EventCountry "RUS"]
[SourceTitle "playchess.com"]
[Source "ChessBase"]
[SourceQuality "1"]

1. e4 e5 2. Nf3 Nc6 3. Bb5 Nf6 4. O-O Nxe4 5. Re1 Nd6 6. Nxe5 Be7 7. Bf1 O-O 8. Nc3 Nf5 9. Nd5 Bd6 10. Nc4 Bc5 11. c3 Nce7 12. d4 Bb6 13. Ndxb6 axb6 14. Bd3 d5 15. Ne5 f6 16. Nf3 Nd6 17. Nh4 Qd7 18. h3 Nef5 19. Qh5 g6 20. Qg4 Qg7 21. Qf4 g5 22. Nxf5 Bxf5 23. Qg3 Bxd3 24. Qxd3 Rfe8 25. Be3 f5 26. b3 f4 27. Bd2 b5 28. f3 Qf6 29. Re5 Rxe5 30. dxe5 Qxe5 31. Re1 Qf5 32. Qd4 Re8 33. Rxe8+ Nxe8 34. c4 bxc4 35. bxc4 dxc4 36. Qxc4+ Qf7 37. Qc5 h6 38. Qe5 Kh7 39. Bc3 Ng7 40. a4 Nf5 41. Qe4 c6 42. a5 Kg6 43. Kh2 Qd7 44. h4 gxh4 45. Qxf4 h5 46. Be5 Qe7 47. Qe4 Qe6 48. Qf4 Qe7 49. Bb8 Qg5 50. Qe4 Qf6 51. Qb4 Qf7 52. Bf4 Qd7 53. Qf8 Qf7 54. Qh8 Qh7 55. Qc8 Qf7 56. Qd8 Qe6 57. Qg5+ Kf7 58. Qxh5+ Ke7 59. Qh7+ Qf7 60. Qh8 Ke6 61. Qe5+ Kd7 62. Qc7+ Ke6 63. Qe5+ Kd7 64. Qe4 Qd5 65. Qe2 Nd4 66. Qe3 Ne6 67. Bh6 Qd6+ 68. f4 Qd5 69. Bg5 Qf5 70. Qd2+ Ke8 71. Qd6 Kf7 72. Qd7+ Kg6 73. Qxb7 Qg4 74. Qxc6 Qg3+ 75. Kg1 Qe1+ 76. Kh2 Qg3+ 77. Kg1 Qe1+ 78. Kh2 1/2-1/2

[Event "RUS-ch Blitz Men 2018"]
[Site "Sochi"]
[Date "2018.10.07"]
[Round "20"]
[White "Balashov, Yuri S"]
[Black "Fakhrutdinov, Timur"]
[Result "0-1"]
[WhiteElo "2429"]
[BlackElo "2472"]
[Annotator "TA"]
[PlyCount "143"]
[EventDate "2018.10.07"]
[EventType "swiss"]
[EventCountry "RUS"]
[SourceTitle "playchess.com"]
[Source "ChessBase"]
[SourceQuality "1"]

1. d4 Nf6 2. Nf3 d5 3. c4 e6 4. e3 Be7 5. Bd3 O-O 6. O-O dxc4 7. Bxc4 c5 8. Nc3 a6 9. a4 Nc6 10. Qe2 Qc7 11. Rd1 Rd8 12. h3 b6 13. d5 exd5 14. Nxd5 Nxd5 15. Bxd5 Bb7 16. e4 Nb4 17. Bf4 Qxf4 18. Bxb7 Rxd1+ 19. Rxd1 Rd8 20. Rxd8+ Bxd8 21. Qd1 Qc7 22. e5 g6 23. Be4 Be7 24. h4 Qd8 25. Qe2 Bxh4 26. e6 fxe6 27. Bb7 Bf6 28. Qxe6+ Kg7 29. b3 Qd1+ 30. Kh2 Qd8 31. g3 Qc7 32. Be4 b5 33. axb5 axb5 34. Qe8 Qe7 35. Bc6 Qxe8 36. Bxe8 c4 37. bxc4 bxc4 38. Bb5 c3 39. Ne1 c2 40. Nxc2 Nxc2 41. Kg2 Nd4 42. Bc4 Kf8 43. Bd5 Ke7 44. Bg8 h6 45. f4 Nc2 46. Kf3 Bc3 47. Bc4 Kf6 48. g4 Bd2 49. Ke4 Ne3 50. Be2 Ng2 51. f5 g5 52. Bf3 Nf4 53. Bd1 Bb4 54. Bf3 Bd6 55. Bd1 Bf8 56. Bf3 Ke7 57. Bd1 Bg7 58. Bf3 Kd6 59. Bd1 Kc5 60. Bf3 Bf6 61. Bd1 Kc4 62. Bf3 Kc3 63. Ke3 Kc4 64. Ke4 Nh3 65. Bg2 Nf2+ 66. Kf3 Nd3 67. Ke4 Ne5 68. Bf1+ Kc3 69. Be2 Kd2 70. Bb5 Nxg4 71. Kf3 Ne5+ 72. Kg3 0-1

[Event "RUS-ch Blitz Men 2018"]
[Site "Sochi"]
[Date "2018.10.07"]
[Round "20"]
[White "Lugovskoy, Maxim"]
[Black "Rjabzev, Konstantin"]
[Result "1-0"]
[WhiteElo "2428"]
[BlackElo "2265"]
[Annotator "TA"]
[PlyCount "85"]
[EventDate "2018.10.07"]
[EventType "swiss"]
[EventCountry "RUS"]
[SourceTitle "playchess.com"]
[Source "ChessBase"]
[SourceQuality "1"]

1. d4 d6 2. e4 g6 3. Nc3 Bg7 4. Nf3 Nf6 5. Bc4 O-O 6. O-O c6 7. a4 a5 8. h3 Nxe4 9. Nxe4 d5 10. Bd3 dxe4 11. Bxe4 Nd7 12. c3 Nf6 13. Bc2 Be6 14. Re1 Bd5 15. Bf4 b5 16. Ne5 Nd7 17. Nd3 bxa4 18. Bxa4 Nb6 19. Bc2 e6 20. Nc5 Nd7 21. Nd3 Nb6 22. b3 a4 23. bxa4 Nc4 24. Nb4 Qa5 25. Qe2 Rfd8 26. Bd3 Nb6 27. Reb1 c5 28. Bc7 cxb4 29. Rxb4 Qa7 30. Bxb6 Qd7 31. Bxd8 Rxd8 32. a5 Bf8 33. Rbb1 Rc8 34. a6 Qa7 35. c4 Bc6 36. c5 Bd5 37. Be4 Bg7 38. Bxd5 exd5 39. Rb7 Qa8 40. Qe7 Rf8 41. a7 Bxd4 42. Qxf8+ Qxf8 43. Rb8 1-0

[Event "RUS-ch Blitz Men 2018"]
[Site "Sochi"]
[Date "2018.10.07"]
[Round "20"]
[White "Gochelashvili, David"]
[Black "Lobanov, Sergei"]
[Result "1/2-1/2"]
[WhiteElo "2419"]
[BlackElo "2539"]
[Annotator "ChessBase"]
[PlyCount "120"]
[EventDate "2018.10.07"]
[EventType "swiss"]
[EventCountry "RUS"]
[SourceTitle "playchess.com"]
[Source "ChessBase"]
[SourceQuality "1"]

1. e4 c6 2. d4 d5 3. exd5 cxd5 4. c4 Nf6 5. Nc3 Nc6 6. Nf3 Bg4 7. cxd5 Nxd5 8. Qb3 Bxf3 9. gxf3 e6 10. Qxb7 Nxd4 11. Bb5+ Nxb5 12. Qxb5+ Qd7 13. Qxd7+ Kxd7 14. Nxd5 exd5 15. Be3 Bd6 16. O-O-O Kc6 17. Rd3 Be5 18. f4 Bf6 19. Rhd1 Rhd8 20. Ra3 d4 21. Bd2 a6 22. Kc2 d3+ 23. Rxd3 Rxd3 24. Kxd3 Bxb2 25. Rb1 Rd8+ 26. Ke2 Bf6 27. Be3 Kd5 28. Rb7 Ke6 29. f5+ Kxf5 30. Rxf7 Rb8 31. a3 Rb2+ 32. Kf1 Rb3 33. Bc5 Rc3 34. Bb4 Rc6 35. Rd7 Ke6 36. Rd3 Kf5 37. Kg2 h5 38. h3 Re6 39. Rd5+ Re5 40. Rd6 Re6 41. Rd5+ Re5 42. Rd3 a5 43. Bc3 Rb5 44. Rf3+ Ke6 45. Re3+ Kf5 46. Rf3+ Ke6 47. Re3+ Kf5 48. Rf3+ Kg6 49. Bxf6 gxf6 50. Rf4 Rb3 51. Ra4 Rb5 52. Kg3 Kg5 53. h4+ Kf5 54. Rf4+ Ke5 55. Ra4 Rb3+ 56. f3 Rb5 57. Re4+ Kf5 58. Rf4+ Ke5 59. Re4+ Kf5 60. Rf4+ Ke5 1/2-1/2

[Event "RUS-ch Blitz Men 2018"]
[Site "Sochi"]
[Date "2018.10.07"]
[Round "20"]
[White "Vastrukhin, Oleg"]
[Black "Alekseenko, Kirill"]
[Result "0-1"]
[WhiteElo "2413"]
[BlackElo "2639"]
[Annotator "TA"]
[PlyCount "80"]
[EventDate "2018.10.07"]
[EventType "swiss"]
[EventCountry "RUS"]
[SourceTitle "playchess.com"]
[Source "ChessBase"]
[SourceQuality "1"]

1. g3 c5 2. Bg2 Nc6 3. c4 g6 4. Nc3 Bg7 5. e3 d6 6. Nge2 Nf6 7. O-O O-O 8. b3 Bd7 9. Bb2 Qc8 10. Re1 Bh3 11. Bh1 e5 12. d3 h5 13. Nd5 h4 14. Nxf6+ Bxf6 15. Nc3 Bg7 16. Ne4 Qd7 17. Qf3 Bf5 18. gxh4 Rae8 19. a3 Qd8 20. Qg3 Bf6 21. Nxf6+ Qxf6 22. Qg5 Qh8 23. Rad1 f6 24. Qg3 Kg7 25. d4 cxd4 26. exd4 e4 27. b4 Qh5 28. b5 Na5 29. c5 d5 30. Qc7+ Rf7 31. Qxa5 Bg4 32. Qd2 Rh8 33. Rc1 g5 34. Qe3 gxh4 35. h3 f5 36. hxg4 fxg4 37. Bxe4 g3 38. fxg3 hxg3 39. Qxg3+ Kf8 40. Bg6 Qh1# 0-1

[Event "RUS-ch Blitz Men 2018"]
[Site "Sochi"]
[Date "2018.10.07"]
[Round "20"]
[White "Mikhailovsky, Vladimir"]
[Black "Girshgorn, Leonid"]
[Result "1-0"]
[WhiteElo "2411"]
[BlackElo "2242"]
[Annotator "NA"]
[PlyCount "107"]
[EventDate "2018.10.07"]
[EventType "swiss"]
[EventCountry "RUS"]
[SourceTitle "playchess.com"]
[Source "ChessBase"]
[SourceQuality "1"]

1. Nc3 c6 2. e4 d5 3. Nf3 dxe4 4. Nxe4 Nf6 5. Nxf6+ exf6 6. d4 Bd6 7. Bd3 O-O 8. O-O Re8 9. c3 Nd7 10. Re1 Rxe1+ 11. Qxe1 Nf8 12. Nh4 Qa5 13. Qe4 Qh5 14. g3 Bd7 15. Be3 Re8 16. Qf3 Bg4 17. Qg2 Be6 18. Be4 Bd5 19. Bxd5 cxd5 20. Qf3 Qxf3 21. Nxf3 Nd7 22. Kf1 Nb6 23. Nd2 Na4 24. Rb1 b5 25. Ke2 Rc8 26. Kd3 b4 27. c4 dxc4+ 28. Nxc4 Be7 29. Rc1 Kf8 30. Bd2 Rd8 31. Be3 Ke8 32. Kc2 Rc8 33. Kb3 Nb6 34. Nxb6 Rxc1 35. Bxc1 axb6 36. Kc4 Kd7 37. Kd5 b5 38. Bf4 g5 39. Bb8 f5 40. b3 h5 41. Ba7 f4 42. gxf4 gxf4 43. f3 Bh4 44. Bc5 Be1 45. h3 Bd2 46. Bd6 f6 47. Bc5 Be1 48. Bf8 Bd2 49. Kc5 Ke6 50. d5+ Kd7 51. Kxb5 f5 52. Bxb4 Be3 53. Bc5 Bc1 54. a4 1-0

[Event "RUS-ch Blitz Men 2018"]
[Site "Sochi"]
[Date "2018.10.07"]
[Round "20"]
[White "Tekeyev, Zaur"]
[Black "Yuffa, Daniil"]
[Result "0-1"]
[WhiteElo "2392"]
[BlackElo "2563"]
[Annotator "ChessBase"]
[PlyCount "72"]
[EventDate "2018.10.07"]
[EventType "swiss"]
[EventCountry "RUS"]
[SourceTitle "playchess.com"]
[Source "ChessBase"]
[SourceQuality "1"]

1. e4 Nf6 2. e5 Nd5 3. d4 d6 4. Nf3 dxe5 5. Nxe5 c6 6. Be2 Bf5 7. g4 Be6 8. c4 Nb4 9. Be3 Nd7 10. Nxd7 Qxd7 11. a3 Na6 12. f4 g6 13. Nc3 Bg7 14. O-O Nc7 15. Ne4 Rd8 16. Nc5 Qc8 17. Nxe6 Nxe6 18. d5 O-O 19. Bf3 Nc7 20. Qb3 cxd5 21. cxd5 Qb8 22. Rac1 Ne8 23. Kg2 Nd6 24. h4 Rc8 25. Rfe1 b5 26. Rc5 a6 27. Qb4 Nc4 28. Bc1 Rxc5 29. Qxc5 Nxb2 30. Qxe7 Nd3 31. Rd1 Nxc1 32. Rxc1 Qxf4 33. Rd1 Be5 34. Rd3 Rc8 35. Qb4 Rc2+ 36. Kf1 Qh2 0-1